| 000 | 00368nam a2200145Ia 4500 | ||
|---|---|---|---|
| 008 | 240624s9999 xx 000 0 und d | ||
| 041 | _aeng | ||
| 082 | _a658 WIL | ||
| 100 | _aWILLIAMS CHUCK | ||
| 245 | _aPRINCIPLES OF MANAGEMENT | ||
| 250 | _a(7th ed.) | ||
| 260 |
_c2013 _aAustralia _bCengage Learning |
||
| 300 | _axxii, : 833 : p. : cm. ; 27 | ||
| 365 |
_cGBP _b25 |
||
| 999 |
_c26728 _d26728 |
||